000
00308nam a2200145Ia 4500
100
_a
Cornell/ G./ Horenstmann.C
942
_c
BK
654
_a
Computer
245
_a
Core Java
260
_b
Prentice -Hall
_a
New york
_c
1997
082
_a
005.133J
_b
COR
300
_a
766
546
_a
ENGLISH
999
_c
30022
_d
30022